[Event "XVII Open A"]
[Site "Crema ITA"]
[Date "2016.09.03"]
[Round "3"]
[White "Bossi, Alessandro"]
[Black "Pirrello, Christian"]
[WhiteElo "2014"]
[BlackElo "1936"]
[Result "1-0"]
[PlyCount "155"]
[EventDate "2016.09.02"]

1. e4 e6 2. d4 d5 3. Nc3 dxe4 4. Nxe4 Nd7 5. g3 Ngf6 6. Nxf6+ Nxf6 7. Bg2 c5 8.
Ne2 cxd4 9. Qxd4 Qxd4 10. Nxd4 Bc5 11. Nb3 Be7 12. O-O O-O 13. Rd1 Nd5 14. Bxd5
exd5 15. Rxd5 Be6 16. Rd1 Rad8 17. Be3 b6 18. f3 Bf6 19. Bd4 Bxb3 20. Bxf6
Rxd1+ 21. Rxd1 Bxc2 22. Rd2 gxf6 23. Rxc2 Rd8 24. Kf2 Rd7 25. Ke3 Kg7 26. Rc4
Kf8 27. Rh4 Kg7 28. Rd4 Re7+ 29. Kd3 f5 30. a4 Rc7 31. Rc4 Rd7+ 32. Kc3 Re7 33.
Kd3 Rd7+ 34. Rd4 Rc7 35. b4 Kf6 36. Rd6+ Ke5 37. Rd8 Ke6 38. Rh8 f6 39. Kd4 Kd6
40. b5 Ke6 41. Re8+ Kd7 42. Rg8 Ke6 43. h4 Kf7 44. Rh8 Ke6 45. h5 Rg7 46. h6
Rd7+ 47. Ke3 Rc7 48. Kd3 Kd5 49. f4 Ke6 50. Kd4 Rd7+ 51. Kc4 Rc7+ 52. Kb4 Rd7
53. a5 Rb7 54. axb6 axb6 55. Rg8 Kd6 56. Rc8 Ke7 57. Rh8 Ke6 58. Kc4 Rc7+ 59.
Kd4 Rd7+ 60. Ke3 Rb7 61. Kf3 Rd7 62. g4 Rd3+ 63. Ke2 Rd7 64. g5 fxg5 65. fxg5
Ke5 66. Rg8 Ke6 67. Rf8 Ra7 68. Rf6+ Ke5 69. Rxb6 Ra2+ 70. Kd3 Rg2 71. Rb7 Rxg5
72. Rxh7 Rg6 73. Kc4 f4 74. Re7+ Kf6 75. h7 Rh6 76. Rc7 Ke5 77. b6 Kd6 78. Rg7
1-0

[Event "XVII Open A"]
[Site "Crema ITA"]
[Date "2016.09.03"]
[Round "3"]
[White "Botta, Massimiliano"]
[Black "Pedoni, Lorenzo"]
[WhiteElo "2065"]
[BlackElo "1947"]
[Result "1/2-1/2"]
[PlyCount "42"]
[EventDate "2016.09.02"]

1. e4 c5 2. c3 Nf6 3. e5 Nd5 4. d4 cxd4 5. Nf3 e6 6. cxd4 d6 7. Bc4 Nb6 8. Bb3
Bd7 9. exd6 Bc6 10. O-O Bxd6 11. Nc3 O-O 12. Re1 N8d7 13. d5 exd5 14. Nxd5 Nxd5
15. Bxd5 Bxd5 16. Qxd5 Qc7 17. Be3 Nf6 18. Qb3 Ng4 19. Rac1 Qb8 20. Bc5 Bxh2+
21. Kh1 Bd6 1/2-1/2

[Event "XVII Open A"]
[Site "Crema ITA"]
[Date "2016.09.03"]
[Round "3"]
[White "Candura, Stefano"]
[Black "Asperti, Giovanni"]
[WhiteElo "1960"]
[BlackElo "1896"]
[Result "1/2-1/2"]
[PlyCount "119"]
[EventDate "2016.09.02"]

1. d4 Nf6 2. Nf3 g6 3. Nc3 d5 4. Bf4 Bg7 5. e3 O-O 6. Be2 c5 7. Ne5 cxd4 8.
exd4 Nc6 9. O-O Nd7 10. Nf3 Nf6 11. Ne5 Ne4 12. Nxc6 bxc6 13. Nxe4 dxe4 14. c3
Re8 15. Re1 Qb6 16. Qb3 e5 17. dxe5 Bxe5 18. Bxe5 Rxe5 19. Bc4 Be6 20. Qxb6
axb6 21. f4 Rea5 22. Bxe6 fxe6 23. a3 e5 24. Rxe4 exf4 25. Rxf4 Rd5 26. Re1 Rd2
27. Rf2 Rad8 28. Kf1 Rxf2+ 29. Kxf2 Kf7 30. Re2 Rd1 31. Ke3 Ke6 32. Rd2 Rb1 33.
Kd3 Rf1 34. Kc4 Rf4+ 35. Kb3 Rf1 36. Rd4 Rf2 37. Rg4 Kf5 38. Rg3 h5 39. h4 Rf4
40. Rg5+ Kf6 41. g3 Rf5 42. Rxf5+ Kxf5 43. a4 Kg4 44. Kc4 Kxg3 45. b4 b5+ 46.
axb5 cxb5+ 47. Kxb5 Kxh4 48. c4 g5 49. c5 g4 50. c6 g3 51. c7 g2 52. c8=Q g1=Q
53. Ka6 Qf1+ 54. Kb6 Qf6+ 55. Qc6 Qxc6+ 56. Kxc6 Kg3 57. b5 h4 58. b6 h3 59. b7
h2 60. b8=Q+ 1/2-1/2

[Event "XVII Open A"]
[Site "Crema ITA"]
[Date "2016.09.03"]
[Round "3"]
[White "Castrogiovanni, Carlo"]
[Black "Nordio, Giorgio"]
[WhiteElo "1947"]
[BlackElo "1923"]
[Result "0-1"]
[PlyCount "106"]
[EventDate "2016.09.02"]

1. d4 d5 2. Nf3 c6 3. Bf4 Nf6 4. Nbd2 Bf5 5. e3 e6 6. Nh4 Bg4 7. Be2 Bxe2 8.
Qxe2 Bd6 9. Nhf3 Bxf4 10. exf4 O-O 11. O-O Nbd7 12. Ne5 Qb6 13. Nb3 Rac8 14. c3
Qc7 15. Rac1 a5 16. g4 a4 17. Nd2 c5 18. g5 Ne8 19. Qb5 Nb6 20. dxc5 Qxc5 21.
Qxc5 Rxc5 22. Ndf3 Nd6 23. Rc2 Rfc8 24. a3 Nf5 25. Rd1 Nc4 26. Ng4 Rb5 27. Nd4
Nxd4 28. cxd4 Rxb2 29. Rxb2 Nxb2 30. Rb1 Rc2 31. Kg2 b6 32. Ne3 Rd2 33. Nf1 Re2
34. Kf3 Rc2 35. Ne3 Rc7 36. h3 Nc4 37. Nxc4 Rxc4 38. Rxb6 g6 39. Ra6 Rxd4 40.
h4 Rd3+ 41. Kg4 Rxa3 42. h5 gxh5+ 43. Kxh5 Ra1 44. Kg4 a3 45. f5 exf5+ 46. Kxf5
Kg7 47. Ke5 a2 48. Kxd5 Rd1+ 49. Ke5 a1=Q+ 50. Rxa1 Rxa1 51. Kf5 Ra5+ 52. Kg4
Kg6 53. f4 f6 0-1

[Event "XVII Open A"]
[Site "Crema ITA"]
[Date "2016.09.03"]
[Round "3"]
[White "Distratis, Gianluca"]
[Black "Nicolodi, Raoul"]
[WhiteElo "1903"]
[BlackElo "2030"]
[Result "1-0"]
[PlyCount "71"]
[EventDate "2016.09.02"]

1. e4 e6 2. d4 d5 3. Nd2 Nf6 4. e5 Nfd7 5. Bd3 c5 6. c3 Nc6 7. Ne2 cxd4 8. cxd4
f6 9. Nf4 Nxd4 10. Qh5+ Ke7 11. Ng6+ hxg6 12. exf6+ Nxf6 13. Qxh8 Kf7 14. O-O
e5 15. Nf3 Nxf3+ 16. gxf3 Nh5 17. Bxg6+ Kxg6 18. Kh1 Nf4 19. Bxf4 exf4 20. Rg1+
Kf7 21. Rxg7+ Ke6 22. Qh6+ Ke5 23. Re1+ Kd4 24. Qxf4+ Kc5 25. Rc1+ Kb5 26. a4+
Ka6 27. Rgg1 Bd7 28. Qd4 Bc6 29. b4 Bxa4 30. b5+ Kxb5 31. Ra1 Bb3 32. Rgb1 Qd6
33. Rxb3+ Kc6 34. Qa4+ Kc7 35. Rc3+ Kb8 36. Qe8+ 1-0

[Event "XVII Open A"]
[Site "Crema ITA"]
[Date "2016.09.03"]
[Round "3"]
[White "Ficco, Corrado"]
[Black "Murgia, Andrea"]
[WhiteElo "2041"]
[BlackElo "1908"]
[Result "1-0"]
[PlyCount "72"]
[EventDate "2016.09.02"]

1. Nf3 f5 2. d4 Nf6 3. g3 g6 4. Bg2 Bg7 5. O-O c6 6. c4 d6 7. Nc3 O-O 8. Rb1
Na6 9. b4 e5 10. b5 cxb5 11. cxb5 Nc7 12. dxe5 dxe5 13. Nxe5 Qe7 14. Nd3 Ne4
15. Bb2 Rd8 16. Qc2 Be6 17. Nxe4 fxe4 18. Nf4 e3 19. Bxg7 Bf5 20. Qc4+ Kxg7 21.
Rbc1 exf2+ 22. Kxf2 Rd7 23. Rfd1 Rxd1 24. Rxd1 g5 25. Qd4+ Kf7 26. Bd5+ Be6 27.
Nxe6 Nxe6 28. Bxe6+ Kxe6 29. Qd5+ Kf6 30. e4 Rf8 31. Kg2 Kg7 32. Qd4+ Kg6 33.
Qd6+ Qf6 34. Qxf6+ Rxf6 35. Rd7 Rb6 36. a4 g4 1-0

[Event "XVII Open A"]
[Site "Crema ITA"]
[Date "2016.09.03"]
[Round "3"]
[White "Giretti, Kanev Jasen"]
[Black "Guanciale, Orazio"]
[WhiteElo "2237"]
[BlackElo "2153"]
[Result "0-1"]
[PlyCount "116"]
[EventDate "2016.09.02"]

1. c4 f5 2. g3 Nf6 3. Bg2 g6 4. Nc3 d6 5. d4 Bg7 6. Nh3 O-O 7. O-O Nc6 8. d5
Ne5 9. b3 c5 10. Bf4 Ne8 11. Qd2 Nf7 12. Ng5 Nc7 13. Rad1 Rb8 14. a4 a6 15. a5
b5 16. axb6 Rxb6 17. Rb1 Bd7 18. Na4 Rb4 19. Nxf7 Rxf7 20. Qc2 Bxa4 21. bxa4 a5
22. Bd2 Na6 23. Bxb4 cxb4 24. e4 f4 25. Bh3 Rf8 26. Be6+ Kh8 27. h4 Nc5 28. h5
gxh5 29. Bf5 Be5 30. Kg2 Rg8 31. Rh1 Qe8 32. Qe2 Rg5 33. Rh4 e6 34. dxe6 Nxe6
35. Bxe6 Qxe6 36. Rbh1 Qf7 37. Rxh5 Rxh5 38. Qxh5 Qxh5 39. Rxh5 b3 40. Rh1 fxg3
41. Rb1 b2 42. f4 Bd4 43. Kxg3 Kg7 44. Kf3 Kg6 45. e5 dxe5 46. Ke4 Kf6 47.
fxe5+ Bxe5 48. Kd5 Bc3 49. c5 Ke7 50. Kc6 Bd4 51. Kb5 h5 52. Re1+ Kd7 53. Rd1
Kc7 54. Kxa5 Be3 55. Rb1 Bc1 56. Kb5 h4 57. a5 h3 58. a6 h2 0-1

[Event "XVII Open A"]
[Site "Crema ITA"]
[Date "2016.09.03"]
[Round "3"]
[White "Malfagia, Andrea"]
[Black "Mrdja, Milan"]
[WhiteElo "2159"]
[BlackElo "2303"]
[Result "1/2-1/2"]
[PlyCount "68"]
[EventDate "2016.09.02"]

1. d4 c5 2. d5 e6 3. c4 exd5 4. cxd5 d6 5. Nc3 g6 6. Nf3 a6 7. Bg5 f6 8. Bf4
Nh6 9. e3 Nf7 10. Nd2 Nd7 11. a4 Bg7 12. Be2 O-O 13. O-O Re8 14. Qc2 f5 15. Bg3
b6 16. Rfe1 Nf6 17. Rad1 Ra7 18. Nc4 Rb7 19. Qb3 Ne4 20. Nxe4 Rxe4 21. f3 Re8
22. Na3 Rb8 23. Bf1 Bf6 24. Qc2 Kg7 25. Kh1 Qd7 26. Qb3 Qd8 27. Qc2 Re7 28. Rb1
Rc7 29. Rec1 Bb7 30. Qd1 Re7 31. b4 Be5 32. Bf2 Bf6 33. Bg3 Be5 34. Bf2 Bf6
1/2-1/2

[Event "XVII Open A"]
[Site "Crema ITA"]
[Date "2016.09.03"]
[Round "3"]
[White "Olivetti, Davide"]
[Black "Capitelli, Paolo"]
[WhiteElo "2140"]
[BlackElo "2080"]
[Result "1/2-1/2"]
[PlyCount "55"]
[EventDate "2016.09.02"]

1. e4 c5 2. Nf3 e6 3. Nc3 Nc6 4. d4 cxd4 5. Nxd4 Nf6 6. Nxc6 bxc6 7. e5 Nd5 8.
Ne4 Qc7 9. f4 Qa5+ 10. c3 Qb6 11. c4 Bb4+ 12. Ke2 f5 13. Nf2 Ba6 14. Kf3 Nc7
15. Be3 Bc5 16. Bxc5 Qxc5 17. Qd6 Qb6 18. Rd1 O-O-O 19. c5 Qa5 20. Bxa6+ Qxa6
21. Qd3 Qxd3+ 22. Rxd3 Nd5 23. Ra3 Kb7 24. Nd1 Ka8 25. Ne3 Rb8 26. Nxd5 cxd5
27. Rc1 Rhc8 28. Rc2 1/2-1/2

[Event "XVII Open A"]
[Site "Crema ITA"]
[Date "2016.09.03"]
[Round "3"]
[White "Piccirillo, Edoardo"]
[Black "Rossini, Fulvio"]
[WhiteElo "2078"]
[BlackElo "1989"]
[Result "0-1"]
[PlyCount "56"]
[EventDate "2016.09.02"]

1. e4 e6 2. d3 d5 3. Nd2 Nf6 4. Ngf3 Bc5 5. e5 Nfd7 6. d4 Be7 7. Bd3 c5 8. c3
Nc6 9. O-O g5 10. g4 h5 11. h3 hxg4 12. hxg4 Qb6 13. dxc5 Qc7 14. Nb3 Ndxe5 15.
Nxe5 Nxe5 16. f4 Nxd3 17. Qxd3 Bd7 18. Qe2 O-O-O 19. fxg5 Bb5 20. Bf4 Qxf4 21.
Rxf4 Bxe2 22. Rxf7 Bxg5 23. Re1 Bxg4 24. c6 bxc6 25. Rxa7 Rdg8 26. Nd4 Bd8 27.
Nxc6 Bb6+ 28. Kg2 Be2+ 0-1

[Event "XVII Open A"]
[Site "Crema ITA"]
[Date "2016.09.03"]
[Round "3"]
[White "Tahiraj, Almir"]
[Black "Ventura, Franco"]
[WhiteElo "1906"]
[BlackElo "2075"]
[Result "1/2-1/2"]
[PlyCount "85"]
[EventDate "2016.09.02"]

1. f4 e5 2. fxe5 Nc6 3. Nf3 d6 4. e4 Nxe5 5. d4 Nxf3+ 6. Qxf3 Qf6 7. Be3 Qxf3
8. gxf3 Bd7 9. Nd2 g6 10. O-O-O Bg7 11. Bc4 Ne7 12. c3 a6 13. h4 Be6 14. Bb3
Bxb3 15. axb3 O-O-O 16. Kc2 Rde8 17. b4 h6 18. Rdg1 Nd5 19. Kd3 Nxe3 20. Kxe3
h5 21. Kd3 Bh6 22. Re1 Re7 23. Nc4 Rhe8 24. Ne3 f5 25. Ng2 fxe4+ 26. fxe4 Rf8
27. Rhf1 Ref7 28. Rxf7 Rxf7 29. Ke2 Kd7 30. Rg1 g5 31. hxg5 Bxg5 32. Ne1 Bd8
33. Nf3 h4 34. Rh1 Rh7 35. Kf2 Ke6 36. Ke3 c6 37. Kf4 Rf7+ 38. Kg4 Rg7+ 39. Kf4
Rg2 40. Rh2 Rg8 41. Rh1 Rf8+ 42. Kg4 Rg8+ 43. Kf4 1/2-1/2

[Event "XVII Open A"]
[Site "Crema ITA"]
[Date "2016.09.03"]
[Round "3"]
[White "Ventura, Salvatore"]
[Black "Bevilacqua, Maurizio"]
[WhiteElo "2095"]
[BlackElo "2052"]
[Result "1/2-1/2"]
[PlyCount "53"]
[EventDate "2016.09.02"]

1. c4 Nf6 2. g3 g6 3. Bg2 c5 4. Nc3 Bg7 5. e4 d6 6. Nge2 Nc6 7. O-O O-O 8. d3
a6 9. h3 Rb8 10. a4 Ne8 11. Be3 Nd4 12. Rb1 Nc7 13. b4 Bd7 14. b5 b6 15. Kh2 a5
16. Qd2 e6 17. Bh6 Qe7 18. Bxg7 Kxg7 19. f4 f6 20. g4 e5 21. f5 g5 22. h4 h6
23. Rh1 Rh8 24. Kg3 Rbg8 25. Rh3 Kf8 26. Rbh1 Qf7 27. h5 1/2-1/2

[Event "XVII Open A"]
[Site "Crema ITA"]
[Date "2016.09.03"]
[Round "3"]
[White "Vuelban, Virgilio"]
[Black "Rifai, Abdulkader"]
[WhiteElo "2306"]
[BlackElo "2205"]
[Result "1-0"]
[PlyCount "29"]
[EventDate "2016.09.02"]

1. e4 d5 2. exd5 Qxd5 3. Nc3 Qa5 4. d4 Nf6 5. Nf3 Nc6 6. Bb5 Ne4 7. Qd3 Nxc3 8.
bxc3 a6 9. Bxc6+ bxc6 10. Ne5 f6 11. Qf3 fxe5 12. Qxc6+ Kd8 13. O-O Rb8 14.
dxe5 Bg4 15. e6 1-0

[Event "XVII Open A"]
[Site "Crema ITA"]
[Date "2016.09.03"]
[Round "4"]
[White "Asperti, Giovanni"]
[Black "Piccirillo, Edoardo"]
[WhiteElo "1896"]
[BlackElo "2078"]
[Result "1/2-1/2"]
[PlyCount "68"]
[EventDate "2016.09.02"]

1. e4 c5 2. Nf3 d6 3. d4 cxd4 4. Nxd4 Nf6 5. Nc3 e6 6. Be2 Be7 7. Be3 Nc6 8.
O-O O-O 9. Kh1 Bd7 10. f4 Nxd4 11. Bxd4 Bc6 12. Bf3 Qc7 13. Be3 b5 14. Qd3 a6
15. Ne2 Qb7 16. e5 dxe5 17. Bxc6 Qxc6 18. fxe5 Ng4 19. Bd4 Rad8 20. Qf3 Qxf3
21. gxf3 Nh6 22. c3 Nf5 23. Rad1 Rd7 24. Ng3 Nh4 25. f4 Rfd8 26. f5 exf5 27.
Nxf5 Nxf5 28. Rxf5 g6 29. Rf3 Bc5 30. Rfd3 Bf8 31. Kg2 Bg7 32. Re3 Re8 33. Rde1
Re6 34. Kf3 Bh6 1/2-1/2

[Event "XVII Open A"]
[Site "Crema ITA"]
[Date "2016.09.03"]
[Round "4"]
[White "Bevilacqua, Maurizio"]
[Black "Botta, Massimiliano"]
[WhiteElo "2052"]
[BlackElo "2065"]
[Result "0-1"]
[PlyCount "44"]
[EventDate "2016.09.02"]

1. c4 c6 2. d4 d5 3. cxd5 cxd5 4. Nc3 Nf6 5. Bf4 Nc6 6. e3 Bf5 7. Qb3 Na5 8.
Bb5+ Bd7 9. Qa4 e6 10. Bxd7+ Nxd7 11. Nb5 Rc8 12. b3 Qb6 13. Ne2 Be7 14. O-O
O-O 15. Rac1 Qa6 16. b4 Rxc1 17. Rxc1 Nc4 18. Qxa6 bxa6 19. Nxa7 Bxb4 20. Nc6
Ba3 21. Rb1 Ndb6 22. Nb4 Nd2 0-1

[Event "XVII Open A"]
[Site "Crema ITA"]
[Date "2016.09.03"]
[Round "4"]
[White "Capitelli, Paolo"]
[Black "Ventura, Salvatore"]
[WhiteElo "2080"]
[BlackElo "2095"]
[Result "0-1"]
[PlyCount "72"]
[EventDate "2016.09.02"]

1. e4 c5 2. Nf3 Nc6 3. d4 cxd4 4. Nxd4 Qb6 5. Nb3 Nf6 6. Nc3 e6 7. Bd3 a6 8.
Be3 Qc7 9. O-O b5 10. f4 d6 11. a3 Bb7 12. Qe2 Be7 13. Rae1 O-O 14. g4 Rfe8 15.
g5 Nd7 16. Qh5 b4 17. axb4 Nxb4 18. Nd4 g6 19. Qh4 e5 20. f5 exd4 21. fxg6 fxg6
22. Rf7 h5 23. gxh6 Bxh4 24. Rg7+ Kh8 25. Bxd4 Re5 26. Rf1 Rg8 27. Rgf7 Nxd3
28. cxd3 Rf8 29. Rxf8+ Nxf8 30. Rxf8+ Kh7 31. Ne2 Qe7 32. Rb8 Kxh6 33. Rh8+ Kg7
34. Rb8 Bf6 35. Kf1 Qc7 36. Ba7 Bxe4 0-1

[Event "XVII Open A"]
[Site "Crema ITA"]
[Date "2016.09.03"]
[Round "4"]
[White "Guanciale, Orazio"]
[Black "Malfagia, Andrea"]
[WhiteElo "2153"]
[BlackElo "2159"]
[Result "0-1"]
[PlyCount "88"]
[EventDate "2016.09.02"]

1. e4 c5 2. Nc3 Nc6 3. f4 d6 4. Nf3 Nf6 5. Bb5 Bd7 6. O-O g6 7. Bc4 Na5 8. Be2
Bg7 9. d3 O-O 10. Qe1 b5 11. e5 Ne8 12. Bd2 b4 13. Ne4 Nc6 14. Qh4 Rc8 15. Kh1
a5 16. Rae1 f5 17. Neg5 h6 18. e6 hxg5 19. Nxg5 Nf6 20. exd7 Qxd7 21. Bd1 Nd8
22. c3 e6 23. Bb3 d5 24. Nf3 Nf7 25. Qg3 Kh7 26. Nh4 Nh8 27. Nf3 Nf7 28. Nh4
Nh8 29. cxb4 axb4 30. Re2 Rfe8 31. Qe1 Bf8 32. Qd1 Ra8 33. Rfe1 Bd6 34. Nf3 Nf7
35. Ne5 Bxe5 36. fxe5 Ng4 37. h3 Ngh6 38. Be3 Qb5 39. Qc1 Rac8 40. Rc2 Nxe5 41.
Bxh6 Nxd3 42. Qg5 Nxe1 43. Qh4 Qf1+ 44. Kh2 Qxg2+ 0-1

[Event "XVII Open A"]
[Site "Crema ITA"]
[Date "2016.09.03"]
[Round "4"]
[White "Nicolodi, Raoul"]
[Black "Corti, Massimo"]
[WhiteElo "2030"]
[BlackElo "1931"]
[Result "1-0"]
[PlyCount "112"]
[EventDate "2016.09.02"]

1. Nf3 Nf6 2. g3 d5 3. Bg2 Bf5 4. c4 c6 5. b3 g6 6. Bb2 Bg7 7. O-O O-O 8. d3
Qb6 9. Nbd2 Rd8 10. Rc1 a5 11. Rc2 Na6 12. cxd5 cxd5 13. Bd4 Qd6 14. Be5 Qb6
15. Qb1 Nd7 16. Bxg7 Kxg7 17. Qb2+ Qf6 18. Nd4 Ndc5 19. Nxf5+ gxf5 20. Qxf6+
Kxf6 21. a3 Ne6 22. e3 Nec5 23. d4 Ne4 24. Nxe4+ fxe4 25. Rfc1 Ke6 26. Bf1 Kd6
27. Bb5 f6 28. Kg2 Rg8 29. Kh3 Ke6 30. Kh4 f5 31. Bxa6 Rxa6 32. Rc5 Rb6 33.
R1c3 Ra8 34. a4 Kd6 35. Kh3 Rc6 36. Rxc6+ bxc6 37. Rc5 Kc7 38. Kh4 Kb6 39. Kg5
Rf8 40. Kf4 Rf6 41. h4 Rg6 42. Rc2 Rf6 43. Ke5 Kc7 44. Kf4 Rf8 45. Kg5 Rf6 46.
h5 Kb7 47. Rc1 Kc7 48. b4 h6+ 49. Kf4 axb4 50. Rb1 c5 51. dxc5 Kc6 52. Rxb4
Kxc5 53. Rb2 Re6 54. a5 d4 55. exd4+ Kxd4 56. Rb6 Re5 1-0

[Event "XVII Open A"]
[Site "Crema ITA"]
[Date "2016.09.03"]
[Round "4"]
[White "Nordio, Giorgio"]
[Black "Ficco, Corrado"]
[WhiteElo "1923"]
[BlackElo "2041"]
[Result "1/2-1/2"]
[PlyCount "92"]
[EventDate "2016.09.02"]

1. c4 e6 2. g3 d5 3. Nf3 Nf6 4. b3 c5 5. Bb2 Nc6 6. Bg2 d4 7. d3 Be7 8. O-O O-O
9. e4 e5 10. a3 Ne8 11. Nfd2 Nd6 12. Qe2 Qc7 13. Kh1 Bd7 14. a4 Rae8 15. Ba3 b6
16. Ra2 Kh8 17. Ra1 Qc8 18. Ra2 Bg4 19. Bf3 Bh3 20. Bg2 Bxg2+ 21. Kxg2 f5 22.
Rc2 f4 23. f3 Qe6 24. g4 Bh4 25. Rh1 Rf6 26. Rb2 a5 27. Rc2 Rh6 28. Rcc1 Rf8
29. Rcg1 Qg6 30. Kf1 Nf7 31. Qg2 Be7 32. Ke2 Rh4 33. Nf1 Ng5 34. Nfd2 Qh6 35.
Rd1 Rf6 36. Rde1 Rh3 37. Kd1 Qh4 38. Kc2 Rh6 39. Re2 Nd8 40. Rf2 Nde6 41. Nf1
Kg8 42. Bc1 Nf7 43. Bd2 Qg5 44. Be1 Qg6 45. Re2 Nfd8 46. Na3 Nc7 1/2-1/2

[Event "XVII Open A"]
[Site "Crema ITA"]
[Date "2016.09.03"]
[Round "4"]
[White "Pirrello, Christian"]
[Black "Castrogiovanni, Carlo"]
[WhiteElo "1936"]
[BlackElo "1947"]
[Result "1/2-1/2"]
[PlyCount "120"]
[EventDate "2016.09.02"]

1. Nf3 c5 2. c4 Nc6 3. Nc3 Nf6 4. d4 cxd4 5. Nxd4 e5 6. Nc2 d6 7. g3 Be6 8. Ne3
Be7 9. Bg2 Qd7 10. Ned5 O-O 11. Nxe7+ Nxe7 12. b3 d5 13. cxd5 Nfxd5 14. Nxd5
Bxd5 15. e4 Bc6 16. Qxd7 Bxd7 17. O-O Nc6 18. Bb2 Rad8 19. Rfd1 Bg4 20. f3 Be6
21. Bf1 a6 22. Rac1 Rxd1 23. Rxd1 Rc8 24. Kf2 f6 25. Ke3 Nd4 26. a3 Nc2+ 27.
Kf2 Bxb3 28. Rd7 b5 29. Rd6 Nd4 30. Bxd4 exd4 31. Rxd4 Rc2+ 32. Ke3 Rxh2 33.
Rd8+ Kf7 34. Ra8 Ra2 35. Rxa6 Bc4 36. Bxc4+ bxc4 37. f4 Rg2 38. Kf3 Ra2 39. e5
fxe5 40. fxe5 c3 41. a4 c2 42. Rc6 h5 43. Rc5 Ke6 44. a5 Rxa5 45. Rxc2 Kxe5 46.
Rc3 Kf5 47. Rc2 Ra3+ 48. Kg2 Re3 49. Ra2 g5 50. Ra5+ Re5 51. Ra2 Re4 52. Rf2+
Kg4 53. Ra2 h4 54. gxh4 Kxh4 55. Rb2 Re3 56. Rb4+ g4 57. Rb2 Rg3+ 58. Kh2 Rf3
59. Kg2 Rg3+ 60. Kh2 Re3 1/2-1/2

[Event "XVII Open A"]
[Site "Crema ITA"]
[Date "2016.09.03"]
[Round "4"]
[White "Ranfagni, Stefano"]
[Black "Murgia, Andrea"]
[WhiteElo "1956"]
[BlackElo "1908"]
[Result "1-0"]
[PlyCount "75"]
[EventDate "2016.09.02"]

1. e4 e5 2. Nf3 Nc6 3. Bb5 a6 4. Ba4 d6 5. c3 Nge7 6. h3 Ng6 7. d3 Be7 8. Be3
h6 9. Nbd2 Bg5 10. Qe2 f5 11. exf5 Bxf5 12. O-O-O b5 13. Bc2 d5 14. g4 Be6 15.
Bxg5 hxg5 16. d4 Nf4 17. Qe3 e4 18. Nxe4 dxe4 19. Bxe4 Nd5 20. Bxd5 Qxd5 21.
Nxg5 Rh6 22. Rhe1 Kd7 23. Nxe6 Na5 24. Nc5+ Kc6 25. Qxh6+ gxh6 26. Re6+ Qd6 27.
Rxd6+ cxd6 28. Ne6 Nc4 29. b3 Na3 30. Kb2 b4 31. c4 Kd7 32. d5 Rh8 33. f4 h5
34. g5 h4 35. g6 Ke7 36. g7 Rg8 37. Rg1 Kf7 38. Rg4 1-0

[Event "XVII Open A"]
[Site "Crema ITA"]
[Date "2016.09.03"]
[Round "4"]
[White "Rifai, Abdulkader"]
[Black "Distratis, Gianluca"]
[WhiteElo "2205"]
[BlackElo "1903"]
[Result "1-0"]
[PlyCount "33"]
[EventDate "2016.09.02"]

1. e4 d5 2. exd5 Nf6 3. c4 e6 4. dxe6 Bxe6 5. d4 Bb4+ 6. Nc3 Qe7 7. Qe2 Nc6 8.
Nf3 O-O-O 9. d5 Rhe8 10. dxe6 Qc5 11. Be3 Qa5 12. Qc2 Ne4 13. Rc1 Rxe6 14. Bd3
Nd4 15. Nxd4 Rxd4 16. O-O Bxc3 17. bxc3 1-0

[Event "XVII Open A"]
[Site "Crema ITA"]
[Date "2016.09.03"]
[Round "4"]
[White "Rossini, Fulvio"]
[Black "Olivetti, Davide"]
[WhiteElo "1989"]
[BlackElo "2140"]
[Result "1/2-1/2"]
[PlyCount "114"]
[EventDate "2016.09.02"]

1. e4 c5 2. Nc3 Nc6 3. g3 g6 4. Bg2 Bg7 5. Nf3 d6 6. O-O Bg4 7. h3 Bxf3 8. Bxf3
Nf6 9. d3 O-O 10. Be3 Nd7 11. Bg2 Rb8 12. Qd2 b5 13. Bh6 b4 14. Bxg7 Kxg7 15.
Ne2 a5 16. f4 a4 17. f5 b3 18. axb3 axb3 19. c3 e5 20. Ra3 Qb6 21. Kh2 Ra8 22.
Rxa8 Rxa8 23. g4 Ra2 24. Ng3 Qd8 25. g5 Nb6 26. Qc1 c4 27. d4 Na4 28. d5 Nb8
29. Rf2 Nd7 30. fxg6 fxg6 31. h4 Ndc5 32. Bf1 Nb6 33. Be2 Qe7 34. Bf1 Ra8 35.
Qe3 Rf8 36. Nh1 Rxf2+ 37. Nxf2 Qf7 38. Kg2 Nca4 39. Nd1 Nc5 40. Qf3 Qxf3+ 41.
Kxf3 Nca4 42. Ke3 Kf7 43. Be2 Ke7 44. Bf1 Kd7 45. Kd2 Nc5 46. Ke3 Nca4 47. Kd2
Kc7 48. Ke3 Kb7 49. Be2 Ka6 50. Bf1 Kb5 51. Bh3 Nc5 52. Bf1 Na6 53. Be2 Kc5 54.
Bf1 Nc7 55. Bg2 Na4 56. Bf3 Nb5 57. Kd2 Nc7 1/2-1/2

[Event "XVII Open A"]
[Site "Crema ITA"]
[Date "2016.09.03"]
[Round "4"]
[White "Tahiraj, Almir"]
[Black "Borin, Fabio"]
[WhiteElo "1906"]
[BlackElo "2119"]
[Result "0-1"]
[PlyCount "128"]
[EventDate "2016.09.02"]

1. f4 f5 2. Nf3 Nf6 3. e3 g6 4. d4 Bg7 5. Bc4 e6 6. O-O O-O 7. Nbd2 b6 8. Qe2
a5 9. Ne5 d6 10. Nef3 Re8 11. Re1 Qd7 12. g3 Bb7 13. Ng5 h6 14. Ngf3 Qf7 15. h3
Ne4 16. Kh2 Nd7 17. b3 a4 18. a3 Bd5 19. Bb2 Bxc4 20. Qxc4 d5 21. Qc6 Ra7 22.
Nxe4 Nb8 23. Nf6+ Bxf6 24. Qb5 Qd7 25. Qd3 c5 26. Rec1 b5 27. Ne5 Bxe5 28. dxe5
c4 29. Qc3 axb3 30. cxb3 Nc6 31. b4 Ne7 32. Rd1 Qc6 33. g4 Rf8 34. Rg1 fxg4 35.
Rxg4 Kh7 36. Rag1 Rg8 37. h4 Nf5 38. Re1 h5 39. Rg5 Nxh4 40. Kg3 Nf5+ 41. Kf2
Rd7 42. Rd1 Rgd8 43. Qc2 Rg8 44. Bd4 Ra8 45. Qc3 Rg7 46. Bc5 Qa6 47. Ra1 Kg8
48. Ke2 Kf7 49. Ra2 h4 50. Kf3 Qa4 51. Qd2 Qb3 52. Rg2 Rgg8 53. Qc2 Ra4 54.
Qxb3 cxb3 55. Rab2 Rxa3 56. Bb6 Rc8 57. Bc5 Rca8 58. Rgd2 Ra2 59. e4 dxe4+ 60.
Kxe4 Rxb2 61. Rxb2 h3 62. Rxb3 h2 63. Rh3 h1=Q+ 64. Rxh1 Ng3+ 0-1

[Event "XVII Open A"]
[Site "Crema ITA"]
[Date "2016.09.03"]
[Round "4"]
[White "Ventura, Franco"]
[Black "Bossi, Alessandro"]
[WhiteElo "2075"]
[BlackElo "2014"]
[Result "1-0"]
[PlyCount "151"]
[EventDate "2016.09.02"]

1. d4 d5 2. Nf3 c5 3. c4 cxd4 4. cxd5 Qxd5 5. Nc3 Qa5 6. Nxd4 Nf6 7. Nb3 Qc7 8.
Bg5 Bd7 9. e4 e6 10. Qf3 Be7 11. Be2 Bc6 12. Bf4 e5 13. Bg3 O-O 14. O-O Nxe4
15. Nxe4 f5 16. Qc3 fxe4 17. Bxe5 Bd6 18. Bxd6 Qxd6 19. Na5 Qf6 20. Qb3+ Kh8
21. Rac1 b6 22. Nxc6 Nxc6 23. Qc3 Nd4 24. Qe3 Rad8 25. Bg4 Qh4 26. Qg3 Qg5 27.
Rce1 Qd5 28. b3 Rf6 29. Kh1 Rg6 30. Qf4 h5 31. Bh3 Ne6 32. Qxe4 Qxe4 33. Rxe4
Ng5 34. Rh4 Nxh3 35. Rxh3 Rg5 36. f4 Ra5 37. a4 Kg8 38. Rc3 Rd7 39. Kg1 Rad5
40. Rfc1 a5 41. R1c2 b5 42. axb5 Rxb5 43. Ra2 Rd4 44. g3 Rdb4 45. Ra3 Kh7 46.
Kg2 h4 47. Kh3 hxg3 48. hxg3 Rd5 49. Ra2 Rdb5 50. Ra3 Rd5 51. Rc7 Rdb5 52. Ra7
Rxb3 53. Rxb3 Rxb3 54. Rxa5 Kg6 55. Ra6+ Kf7 56. Kh4 Rc3 57. f5 Rf3 58. g4 Rf4
59. Kg5 Rb4 60. Ra7+ Kg8 61. Kh5 Rb5 62. Kg5 Rc5 63. Re7 Rc4 64. Kh5 Rf4 65.
Re6 Kf7 66. Ra6 Kg8 67. Kg5 Rc4 68. Ra7 Kf8 69. Kh5 Rf4 70. Ra5 Kf7 71. g5 Rd4
72. Ra7+ Kf8 73. Kg6 Rd6+ 74. f6 gxf6 75. gxf6 Rd8 76. Rh7 1-0

[Event "XVII Open A"]
[Site "Crema ITA"]
[Date "2016.09.04"]
[Round "5"]
[White "Borin, Fabio"]
[Black "Rossini, Fulvio"]
[WhiteElo "2119"]
[BlackElo "1989"]
[Result "1/2-1/2"]
[PlyCount "76"]
[EventDate "2016.09.02"]

1. d4 Nf6 2. Nf3 g6 3. Nc3 Bg7 4. e4 d6 5. Be2 Nbd7 6. e5 Ng8 7. Bf4 Nb6 8. Qd2
Bd7 9. a4 dxe5 10. dxe5 Bc6 11. Qc1 Nd5 12. Nxd5 Bxd5 13. O-O e6 14. Rd1 Qc8
15. c4 Bxf3 16. Bxf3 Ne7 17. a5 a6 18. Bg5 Bxe5 19. Bh6 Nf5 20. g4 Nxh6 21.
Qxh6 Ke7 22. Qe3 f6 23. g5 c6 24. Bg4 Qc7 25. gxf6+ Kxf6 26. h4 Rhe8 27. Kg2
Kg7 28. Re1 Bf4 29. Qc3+ e5 30. Re4 Qf7 31. Rae1 Rad8 32. Qh3 Rd2 33. R1e2 Red8
34. h5 h6 35. Kf1 Rd1+ 36. Re1 Rxe1+ 37. Kxe1 Qf6 38. Qb3 Qf7 1/2-1/2